000 00586nam a2200217 i 4500
001 bg
100 1 _aKOPEL, Piotr
245 0 _aPierwsze kroki na giełdzie z małym słowniczkiem skrótów i terminologii giełdowej /
_cPiotr Kopel.
260 _aWarszawa :
_b"AWA",
_c1993.
300 _a63 s. :
_bwykr. ;
_c21 cm.
490 1 _aGiełda Polska
504 _aBibliogr. s. 63.
830 _aGiełda Polska
020 _a839015191X
040 _cBPK
041 _apol
080 _a336.76
920 _a83-901519-1-X
942 _cKS
008 s pl f |000 0 pol
999 _c6537
_d6537
856 _uhttp://koha.tu.koszalin.pl/cgi-bin/koha/opac-detail.pl?biblionumber=6537
_yKatalog online BPK